000 00759nam a2200253 a 4500
999 _c11373
_d11373
001 11373
003 BD-JhCC
005 20190904132657.0
008 190904s1997 enkab j d 001 0 eng d
015 _aGB 99-20655
020 _a0751356417
035 _a(BD-JhCC)11373
040 _aBD-JhCC
_bBD-JhCC
_cBD-JhCC
082 0 _a503
_221
_bDOR 1997
245 0 4 _aThe Dorling Kindersley science encyclopedia /
_c[writers and consultants David Burnie...et al.]
246 3 0 _aScience encyclopedia
250 _aRevised ed.
260 _aLondon :
_bDorling Kindersley,
_cc1997.
300 _a448 p. :
_bcol.ill, col.maps ;
_c29 cm.
504 _aIncludes index.
650 0 _aScience
_vEncyclopedias, Juvenile.
700 1 _aBurnie, David.
942 _2ddc
_cREF